| 000 | 00516cam a22002054a 4500 | ||
|---|---|---|---|
| 005 | 20250605164333.0 | ||
| 008 | 250528s ||||||||||||||||||||||||d | ||
| 035 | _a23302 | ||
| 020 | _a9781305077102 | ||
| 040 |
_aGR-AtMCL _bgre _dGR-AtMCL _eAACR2 |
||
| 245 | 1 | _aTHE SCIENCE AND ENGINNERING OF MATERIALS | |
| 250 | _a7th | ||
| 260 |
_bCengage Learning, _c2015 |
||
| 300 | _a868 | ||
| 700 | 1 |
_aAskeland Donald R. _98159 |
|
| 700 | 1 |
_aWright Wendelin _98886 |
|
| 942 | _cBK | ||
| 999 |
_c8329 _d8329 |
||